Kalyana karnataka: akhila bharata embhatta eradane (82) sahitya sammelana 2016 rayachuru (Record no. 121286)
[ view plain ]
| 000 -LEADER | |
|---|---|
| fixed length control field | 01081nam a2200313Ia 4500 |
| 003 - CONTROL NUMBER IDENTIFIER | |
| control field | OSt |
| 005 - DATE AND TIME OF LATEST TRANSACTION | |
| control field | 20251111120022.0 |
| 008 - FIXED-LENGTH DATA ELEMENTS--GENERAL INFORMATION | |
| fixed length control field | 210210b2016 xxu||||| |||| 00| 0 eng d |
| 040 ## - CATALOGING SOURCE | |
| Transcribing agency | AL |
| 041 ## - LANGUAGE CODE | |
| Language code of text/sound track or separate title | Kannada |
| 082 ## - DEWEY DECIMAL CLASSIFICATION NUMBER | |
| Classification number | K894.8 AMAK |
| 100 ## - MAIN ENTRY--PERSONAL NAME | |
| Personal name | AMARESHA NUGADONI Ed |
| 9 (RLIN) | 137269 |
| Dates associated with a name | ಅಮರೇಶ ನುಗಡೋಣಿ |
| 245 ## - TITLE STATEMENT | |
| Title | Kalyana karnataka: akhila bharata embhatta eradane (82) sahitya sammelana 2016 rayachuru |
| Remainder of title | ಕಲ್ಯಾಣ ಕರ್ನಾಟಕ : ಅಖಿಲ ಭಾರತ ೮೨ ಸಾಹಿತ್ಯ ಸಮ್ಮೇಳನ ೨೦೧೬ ರಾಯಚೂರು |
| 260 ## - PUBLICATION, DISTRIBUTION, ETC. | |
| Place of publication, distribution, etc. | Bengaluru |
| Name of publisher, distributor, etc. | Kannada Sahitya Parishattu |
| Date of publication, distribution, etc. | 2016 |
| 300 ## - PHYSICAL DESCRIPTION | |
| Extent | 1088 |
| 650 ## - SUBJECT ADDED ENTRY--TOPICAL TERM | |
| Topical term or geographic name entry element | vyavasaya |
| 9 (RLIN) | 137270 |
| 650 ## - SUBJECT ADDED ENTRY--TOPICAL TERM | |
| Topical term or geographic name entry element | cinima |
| 9 (RLIN) | 137271 |
| 650 ## - SUBJECT ADDED ENTRY--TOPICAL TERM | |
| Topical term or geographic name entry element | Shikshana |
| 9 (RLIN) | 137272 |
| 650 ## - SUBJECT ADDED ENTRY--TOPICAL TERM | |
| Topical term or geographic name entry element | sangita |
| 9 (RLIN) | 137273 |
| 650 ## - SUBJECT ADDED ENTRY--TOPICAL TERM | |
| Topical term or geographic name entry element | parisara |
| 9 (RLIN) | 137274 |
| 650 ## - SUBJECT ADDED ENTRY--TOPICAL TERM | |
| Topical term or geographic name entry element | Mahile |
| 9 (RLIN) | 137275 |
| 650 ## - SUBJECT ADDED ENTRY--TOPICAL TERM | |
| Topical term or geographic name entry element | Madhyama |
| 9 (RLIN) | 137276 |
| 650 ## - SUBJECT ADDED ENTRY--TOPICAL TERM | |
| Topical term or geographic name entry element | Karnataka Sahitya |
| 9 (RLIN) | 137277 |
| 650 ## - SUBJECT ADDED ENTRY--TOPICAL TERM | |
| Topical term or geographic name entry element | charitre |
| 9 (RLIN) | 137278 |
| 650 ## - SUBJECT ADDED ENTRY--TOPICAL TERM | |
| Topical term or geographic name entry element | chaluvali |
| 9 (RLIN) | 137279 |
| 690 ## - LOCAL SUBJECT ADDED ENTRY--TOPICAL TERM (OCLC, RLIN) | |
| Topical term or geographic name as entry element | Kannada Collections |
| 9 (RLIN) | 137280 |
| 906 ## - LOCAL DATA ELEMENT F, LDF (RLIN) | |
| a | 071545 |
| 942 ## - ADDED ENTRY ELEMENTS (KOHA) | |
| Source of classification or shelving scheme | Dewey Decimal Classification |
| Koha item type | Book |
| Withdrawn status | Lost status | Damaged status | Not for loan | Collection code | Home library | Current library | Shelving location | Date acquired | Source of acquisition | Cost, normal purchase price | Total Checkouts | Full call number | Barcode | Date last seen | Price effective from | Koha item type |
|---|---|---|---|---|---|---|---|---|---|---|---|---|---|---|---|---|
| Reference Book | St Aloysius Library | St Aloysius Library | Reference Section | 02/17/2021 | Navakarnataka Publication Pvt Ltd Mangalore | 600.00 | K894.8 AMAK | 071545 | 02/17/2021 | 02/17/2021 | Book |